000 00232nam a22001097a 4500
040 _cRUA
082 _a428 MPC 1987 A118 Or.
100 _aArnold, Virginia A.
245 _aDoorways.
260 _aphnom penh
_brua
_c1987
942 _cEK
999 _c21429
_d21429